| 000 | 01105cam a22003257a 4500 | ||
|---|---|---|---|
| 003 | CHAP | ||
| 005 | 20220329135139.0 | ||
| 008 | 971013s1974 r 00010 d | ||
| 010 | _a31661 | ||
| 011 | _a32633 | ||
| 035 | _a36748 | ||
| 040 | _cCHAP | ||
| 082 |
_a158.6 _bC7Y |
||
| 100 | 0 | 0 |
_aCrites, John O. _929002 |
| 245 | 0 | _aPsicología vocacional | |
| 260 |
_aBuenos Aires : _bPaidos, _c1974 |
||
| 300 |
_a718 p. _b: ilus |
||
| 490 | 0 | _aBiblioteca de psicología y sociología aplicadas | |
| 590 |
_aBATCH-UPD _b10 _c20130110 _lUCH01 _h1305 |
||
| 590 |
_aBATCH-UPD _b10 _c20130410 _lUCH01 _h0821 |
||
| 590 |
_aBATCH-UPD _b10 _c20130914 _lUCH01 _h0627 |
||
| 590 |
_aCONVERSION _b10 _c20130109 _lUCH01 _h1318 |
||
| 650 | 1 | 4 |
_aOrientación vocacional. _983575 |
| 830 | 0 |
_aBiblioteca de psicología y sociología aplicadas _912345 |
|
| 901 | _aBK | ||
| 942 | _cLIBRO | ||
| 949 |
_a158.6 C7Y _bBC _cLIBRO _d33724000286613 _eLIBRO _fc.2 _h34917 _i36748 _si |
||
| 949 |
_a158.6 C7Y _bBC _cLIBRO _d33724000786406 _eLIBRO _h34916 _i36748 _si |
||
| 949 |
_a158.6 C7Y _bBC _cLIBRO _d33724000834347 _eLIBRO _fc.3 _h13142 _i36748 _si |
||
| 999 |
_c31661 _d31661 |
||